College Football Teams Notre Dame has Played the Most - Statistics

General Stats
  • This quiz has been taken 303 times
  • The average score is 10 of 15
Answer Stats
# Team % Correct
87 USC
96%
42 Michigan
90%
90 Navy
86%
51 Army
79%
77 Michigan State
74%
84 Purdue
70%
29 Indiana
67%
32 Stanford
67%
26 Miami (FL)
66%
70 Pittsburgh
54%
29 Air Force
52%
23 Boston College
52%
49 Northwestern
43%
24 Iowa
41%
35 Georgia Tech
35%
No matching quizzes found
Score Distribution
Percent of People with Each Score
Percentile by Number Answered
Your Score History
You have not taken this quiz